| 000 | 00451 a2200109 4500 | ||
|---|---|---|---|
| 001 | ART_51012 | ||
| 005 | 20260410161945.0 | ||
| 008 | 260409a | ||
| 245 | 1 | 0 | _aComentario al fallo de la SCBA "Marchetti, Jorge Gabriel c/Fiscalía de Estado de la Provincia de Buenos Aires s/accidente de trabajo-acción especial", sent. del 13/5/2020 |
| 100 | 1 | _aTula, Diego J. | |
| 773 | 0 |
_tTemas de derecho laboral _g- N° 7 (jul. 2020) _wREV27619 |
|
| 999 |
_c29874 _d29874 |
||